Modern wireless communications / (Record no. 18762)

MARC details
000 -LEADER
fixed length control field 00942cam a22002534a 4500
005 - DATE AND TIME OF LATEST TRANSACTION
control field 20230615122229.0
008 - FIXED-LENGTH DATA ELEMENTS--GENERAL INFORMATION
fixed length control field 030805s2005 njua b 001 0 eng
010 ## - LIBRARY OF CONGRESS CONTROL NUMBER
LC control number 2003061139
020 ## - INTERNATIONAL STANDARD BOOK NUMBER
ISBN 8129710005
040 ## - CATALOGING SOURCE
Original cataloging agency DLC
Transcribing agency DLC
Modifying agency DLC
042 ## - AUTHENTICATION CODE
Authentication code pcc
082 00 - DEWEY DECIMAL CLASSIFICATION NUMBER
Classification number 621.382
Edition number 22
Item number HAY-M
100 1# - MAIN ENTRY--AUTHOR
Author Name Haykin, Simon S.,
Dates associated with a name 1931-
245 10 - TITLE STATEMENT
Title Modern wireless communications /
Statement of responsibility, etc. Simon Haykin and Michael Moher.
260 ## - PUBLICATION, DISTRIBUTION, ETC.
Place of Publication Upper Saddle River, N.J. :
Name of publisher, distributor, etc. Pearson/Prentice Hall,
Date of publication, distribution, etc. c2005.
300 ## - PHYSICAL DESCRIPTION
Pages xvi, 560 p. :
504 ## - BIBLIOGRAPHY, ETC. NOTE
Bibliography, etc. note Includes bibliographical references (p. 544-550) and index.
650 #0 - SUBJECT ADDED ENTRY--TOPICAL TERM
Subject / Department Wireless communication systems.
650 #0 - SUBJECT ADDED ENTRY--TOPICAL TERM
Subject / Department Spread spectrum communications.
700 1# - ADDED ENTRY--PERSONAL NAME
Personal name Moher, Michael.
300 ## - PHYSICAL DESCRIPTION
-- ill. ;
-- 25 cm.
906 ## - LOCAL DATA ELEMENT F, LDF (RLIN)
a 7
b cbc
c orignew
d 1
e ocip
f 20
g y-gencatlg
952 ## - LOCATION AND ITEM INFORMATION (KOHA)
-- 0
-- 0
Holdings
Lost status Damaged status Collection code Permanent Location Current Location Shelving Location Date acquired Full Call Number Accession No./Barcode Date last seen item type Koha item type
    CS/IT Superior Information Resource Center (SIRC) Superior University- Gold Campus Superior Information Resource Center (SIRC) Superior University- Gold Campus Networking 06/15/2023 621.382 HAY-M 2005 19347 06/15/2023 BOOK BOOK

Powered by Koha